| 000 | 00627nam a2200157 a 4500 | ||
|---|---|---|---|
| 001 | 000047068 | ||
| 005 | 20201002053331.0 | ||
| 008 | 180410s2004 dr a r 000 0 spa d | ||
| 040 |
_aDO-SdBNP _bspa _cBNPHU |
||
| 100 | 1 |
_aHernández Tejada, Margarita _950027 |
|
| 245 | 0 | 0 |
_aCiencias naturales 1 : _beducación básica / _cMargarita Hernández Tejada. |
| 260 |
_aSanto Domingo : _bSusaeta, _c2004. |
||
| 300 |
_av. : _bil. ; _c28 cm. |
||
| 505 | 0 |
_gv. 1. _tEje temático seres vivos, ambiente y salud-- _tconozco mi cuerpo _tConozco las plantas y los animales de mi entorno -- _tTecnología en la vida |
|
| 590 | _aInventariado, 2018/VM | ||
| 999 |
_c46556 _d46556 |
||